000 00634nam a2200217 a 4500
001 63355
003 BD-RjUL
005 20211209081204.0
008 170129s1968 nyu 000 1 eng d
035 _a(BD-RjUL)63484
040 _aDLC
_cDLC
_dDLC
_dBD-RjUL
_beng
041 _aeng
082 _223
_a813.54
_bHUC 1968
100 1 _aHudson, Jeffrey,
_d1942-2008.
_9188537
245 1 2 _aA case of need :
_ba novel /
_cby Jeffery Hudson.
260 _aNew York :
_bWorld Pub. Co.,
_c1968
300 _a343 p. :
_c22 cm.
650 _aPhysicians
_zUnited States
_vFiction.
_9188538
650 _aAbortion
_zFiction.
_9188539
942 _2ddc
_cBK
999 _c63355
_d63355